Представление документа в формате RUSMARC

ПолеНазваниеЗначение
  Тип записи a
  Библиографический уровень m
001 Контрольный номер ef012ec9e72944b9813081eeabe9c505
005 Дата корректировки 20140730122603.7
010 Индекс ISBN __
a ISBN 5-279-02043-5
200 Заглавие и сведения об ответственности 1_
a Заглавие Финансовый анализ
e Сведения, относящиеся к заглавию Управление капиталом,выбор инвестиций,анализ отчетности
f Первые сведения об ответственности Ковалев Валерий Викторович.
205 Сведения об издании __
b Дополнительные сведения об издании 2-е изд.,перераб.и доп.
210 Выходные данные 1_
a Место издания М.
c Издательство Финансы и статистика
d Дата издания 2000
215 Физическое описание __
a Объем 511 с.
610 Ключевые слова 0_
a Ключевые слова финансовый анализ
610 Ключевые слова 0_
a Ключевые слова управление инвестициями
610 Ключевые слова 0_
a Ключевые слова анализ финансовой деятельности
610 Ключевые слова 0_
a Ключевые слова инфляция
686 Индексы других классификаций __
a Классификационный индекс 65.053
2 Код системы rubbk
686 Индексы других классификаций __
a Классификационный индекс 65.053.9(2)
2 Код системы rubbk
700 Автор _1
a Фамилия Ковалев Валерий Викторович.
801 Источник записи _0
a Страна RU
b Организация РУК
c Дата составления 20030121
g Правила каталогизации PSBO
801 Источник записи _1
a Страна RU
b Организация РУК
c Дата составления 20030121
g Правила каталогизации PSBO
852 Данные о местонахождении __
i Авторский знак К56
j Шифр хранения ББК 65.053
901 Тип документа __
t Тип документа m
938 Служебная информация __
a Название организации Головной вуз
b Имя БД BOOK
c Название АИБС АИБС ИРБИС
938 Служебная информация __
a Название организации Башкирский филиал